000 00747cam a2200277 4500
001 M93671
008 090401t1998 xxu||||| |||| 00| 0 eng d
035 _a(Sirsi) u88254
041 _aeng
050 _a690.3
100 _aAldridge, Sheila F.
245 _aTime for small construction firms to grasp the quality assurance nettle?
260 _aAscot, Berks.
_bCIOB
_c1998
300 _a7p. ; 30cm.
350 _a5
490 _aConstruction Papers
_v90
650 _aBS EN ISO 9000
650 _aCONSTRUCTION FIRMS
650 _aQUALITY ASSURANCE
650 _aSMALL FIRMS
690 _aBUILT ENVIRONMENT
700 _aGrierson, K.J.J.
710 _aChartered Institute of Building
_92134
942 _n0
948 _c03/09/1998
999 _c97307
_d97307